| 000 | 00439nam a2200181Ia 4500 | ||
|---|---|---|---|
| 005 | 20231007100254.0 | ||
| 008 | 131103s9999 xx 000 0 und d | ||
| 040 | _aLoreto College | ||
| 041 | _aEnglish | ||
| 082 |
_aF _bRAY |
||
| 100 | _aRay,Kalyan | ||
| 245 |
_aEastwords _b a novel _cKalyan Ray |
||
| 260 |
_aNew Delhi _bPenguin Books _c2004 |
||
| 300 | _a252 p. | ||
| 650 | _aFiction in English | ||
| 850 | _aLCLIB | ||
| 942 | _cBK | ||
| 999 |
_c14584 _d65063 |
||